Largest Cities in the World in 1925 - Statistics

General Stats
  • This quiz has been taken 88 times
  • The average score is 17 of 20
Answer Stats
Modern-Day Country Population City % Correct
United Kingdom 7.6 mil London
100%
United States 7.4 mil New York City
100%
France 4.5 mil Paris
100%
Japan 4.8 mil Tokyo
99%
Germany 3.8 mil Berlin
97%
United States 3.2 mil Chicago
96%
Argentina 2.2 mil Buenos Aires
93%
Russia 1.7 mil Moscow
92%
Austria 1.8 mil Vienna
92%
Russia 1.4 mil St. Petersburg
88%
Algeria 1.9 mil Algiers
86%
Japan 2.0 mil Osaka
86%
United States 1.6 mil Boston
84%
Angola 3.9 mil Luanda
82%
United States 2.0 mil Philadelphia
81%
United Kingdom 1.6 mil Birmingham
78%
India 1.3 mil Kolkata
70%
Nigeria 4.5 mil Kano
68%
United States 1.6 mil Manchester
58%
Germany 2.9 mil Ruhr
35%
No matching quizzes found
Score Distribution
Percent of People with Each Score
Percentile by Number Answered
Your Score History
You have not taken this quiz